| 000 | 00410nam a2200169Ia 4500 | ||
|---|---|---|---|
| 001 | 25462 | ||
| 005 | 20260414151152.0 | ||
| 008 | 260414t2017||||xx |||||||||||||| ||spa|| | ||
| 041 | _aESP | ||
| 082 |
_a346.51 _bC34 |
||
| 100 |
_aCastillo Freyre, Mario _eAUT |
||
| 245 | 0 |
_aAnálisis de la ley de la garantÃa mobiliaria _b |
|
| 260 | _c2017 | ||
| 650 | _aDER | ||
| 654 | _aCDE | ||
| 942 |
_cLIB _dJUS _fJUS _2ddc _n |
||
| 999 |
_c25462 _d25462 |
||